[Event "KAZ-ch 2018"]
[Site "Almaty"]
[Date "2018.04.24"]
[Round "5"]
[White "Kazakov, Konstantin"]
[Black "Kostenko, Petr"]
[Result "1/2-1/2"]
[WhiteElo "2410"]
[BlackElo "2435"]
[Annotator "TA"]
[PlyCount "154"]
[EventDate "2018.??.??"]
[EventType "tourn"]
[EventCountry "KAZ"]
[SourceTitle "playchess.com"]
[Source "ChessBase"]
[SourceQuality "1"]

{[%evp 14,154,37,33,18,13,13,18,20,9,17,25,33,22,32,35,32,31,38,23,25,28,38,34,35,9,32,29,27,0,0,0,0,0,0,0,0,0,0,0,0,0,0,0,0,0,0,0,0,-2,0,0,0,-4,0,0,0,0,0,0,0,0,0,0,0,0,0,0,0,0,0,0,0,0,0,-29,-8,-15,-8,-8,-8,-15,-8,-8,-8,-15,-15,-15,-8,-15,0,-90,-15,-15,-15,-15,-15,-16,-8,-8,-8,-16,-8,-8,-8,-471,-39,-39,-39,-67,-39,-39,-38,-38,-38,-38,-38,-56,-12,-14,-8,-8,-8,-8,-8,-8,-8,-8,-8,-8,-8,-8,-8,-12,-8,-8,0,0,-2,-15,0,0,0]} 1. e4 c6 2. d4 d5 3. e5 c5 4. dxc5 e6 5. Nf3 Bxc5 6. Bd3 {B12: Caro-Kann: Advance Variation} Nc6 (6... Ne7 7. O-O Ng6 8. a3 O-O 9. Nbd2 Nc6 10. b4 Bb6 11. Bb2 Nf4 12. Nb3 a5 13. Qd2 Nxd3 14. cxd3 {½-½ (38) Vitiugov,N (2735)-Anand,V (2776) Karlsruhe/Baden-Baden 2018}) 7. O-O f6 8. Qe2 {LiveBook: 23 Games. White is slightly better.} Qc7 {[%cal Rf6e5]} 9. c4 $146 {aiming for cxd5.} ({Predecessor:} 9. exf6 Nxf6 10. Be3 Bd6 11. Nc3 a6 12. Na4 O-O 13. Nb6 {0-1 (49) Alekseenko,K (2594)-Mohammad,N (2380) chess.com INT 2018}) 9... fxe5 10. cxd5 $1 exd5 11. Bf4 {[%cal Rf3e5]} Bg4 12. Bxe5 Nxe5 13. Qxe5+ Qxe5 14. Nxe5 Nf6 15. Bb5+ Ke7 16. Nc3 {[%cal Bb1c3,Bc3e2,Be2d4,Bd4f5][%mdl 32]} Be6 17. Rfe1 Rhd8 18. Nd3 Bd6 19. Ne2 {And now Nd4 would win.} Kf7 20. Nd4 Bd7 21. Rac1 Rac8 22. Bxd7 Nxd7 23. Nf5 Bf8 24. Nf4 g6 25. Nd4 Bb4 26. Rxc8 Rxc8 27. Rd1 Nf6 28. g3 Bd6 29. Nd3 a6 30. Kg2 Ne4 31. f3 Nf6 32. Kf2 Bb8 33. Rc1 Rc4 34. Ke3 Ke7 35. b3 Rxc1 36. Nxc1 $11 {[%mdl 4096] Endgame KBN-KNN} Kd6 37. Nce2 Kc5 38. Kd3 Nd7 39. f4 Kd6 40. b4 Nf6 41. Nf3 Ng4 42. Ned4 Ba7 43. a3 Bb6 44. h4 Ke7 45. a4 h5 46. a5 Ba7 47. f5 Nf2+ 48. Ke3 Ne4 49. fxg6 Kf6 50. Kd3 Kxg6 51. Ne6 Kf5 52. Nf4 {[#]} (52. Ng7+ $1 $11 {keeps the balance.} Kg6 53. Ne6) 52... Nxg3 (52... Nf6 $1 $17 53. Nh2 Bb8) 53. Nxd5 Kg4 54. Ng5 Kxh4 55. Nf7 Bb8 {Hoping for ...Nf5.} 56. Nf6 Nf5 57. Nd8 Nd6 {Threatens to win with ...Ba7.} 58. Kd4 Kg5 {[#]} 59. Nd7 $2 {[%mdl 8192]} (59. Nxh5 $1 $11 {[%mdl 512] and White is okay.} Kxh5 60. Kc5) 59... Nb5+ $2 (59... Ba7+ $19 60. Ke5 h4 61. Ne6+ (61. Kxd6 $2 h3 $19) 61... Kg4 62. Nf6+ Kg3 63. Nh5+ Kf3) 60. Ke4 $15 Bd6 61. Kf3 Bxb4 {Strongly threatening ...Nd6.} 62. Nxb7 Nd4+ 63. Kg2 Ne6 64. Nb8 Nc7 65. Kh3 Be1 66. Nc5 {The position is equal.} Bxa5 {Threatening ...Nd5.} 67. Nbxa6 Nd5 {next ...Kf5 is good for Black.} 68. Ne6+ Kf6 69. Nac5 Be1 70. Nd3 Bd2 71. Nd4 Be3 72. Ne2 Kg5 73. Ng3 Nf6 74. Ne5 Ba7 75. Nf7+ Kf4 76. Nh8 Bb8 77. Kh4 Kf3 {Precision: White = 69%, Black = 54%.} 1/2-1/2

[Event "KAZ-ch 2018"]
[Site "Almaty"]
[Date "2018.04.24"]
[Round "5"]
[White "Ibrayev, Nurlan"]
[Black "Kazhgaleyev, Murtas"]
[Result "1/2-1/2"]
[WhiteElo "2394"]
[BlackElo "2577"]
[Annotator "TA"]
[PlyCount "126"]
[EventDate "2018.??.??"]
[EventType "tourn"]
[EventCountry "KAZ"]
[SourceTitle "playchess.com"]
[Source "ChessBase"]
[SourceQuality "1"]

{[%evp 30,126,26,18,33,18,18,18,18,2,17,18,3,0,0,0,21,7,30,24,8,-33,54,-50,-53,-57,33,39,33,0,6,7,5,-13,0,0,0,0,0,0,10,0,0,-222,-147,-114,0,0,0,-77,-81,-54,-42,-1,-1,-67,-8,-14,-8,-202,-189,-269,-279,-404,-404,-376,-8,-92,-92,-92,-92,-437,-92,-92,-92,-92,-92,-92,-92,-92,-92,-247,-92,-92,-92,-247,-104,-106,0,-36,-36,-36,-36,-36,-36,-36,-36,-36,-36]} 1. e4 e5 2. Nf3 Nc6 3. Bb5 a6 4. Ba4 Nf6 5. O-O Be7 6. Re1 b5 7. Bb3 d6 8. c3 O-O 9. h3 Nb8 10. d4 Nbd7 11. Nbd2 c5 12. Nf1 {C95: Closed Ruy Lopez: Breyer Variation with 10 d4} Re8 13. Ng3 Bf8 14. Ng5 (14. Nf5 exd4 15. cxd4 Bb7 16. e5 dxe5 17. dxe5 Bxf3 18. Qxf3 Nxe5 19. Rxe5 Rxe5 {½-½ (37) Navara,D (2737)-Ponomariov,R (2709) Czech Republic 2017}) 14... c4 15. Bc2 h6 16. Nf3 {LiveBook: 4 Games} Qc7 17. Be3 Bb7 18. d5 $146 ({Predecessor:} 18. Qd2 Rad8 19. d5 Nc5 {½-½ (41) Tseitlin,M (2420)-Postny,E (2592) Israel 2011}) 18... a5 19. Nd2 Ba6 20. Nf5 Kh7 21. g4 g6 22. Ng3 Kg7 23. h4 Be7 24. Kg2 Rh8 25. h5 Nc5 ({Black should play} 25... Rag8 $15) 26. hxg6 ({Better is} 26. Rh1 $14) 26... fxg6 $15 27. Rh1 Qd7 (27... b4 $15) 28. f3 $1 $14 b4 29. Bxc5 dxc5 30. Ba4 Qc7 31. Qe2 bxc3 32. bxc3 Ne8 33. Bxe8 ({Not} 33. Nxc4 $2 Nd6 $19) 33... Raxe8 34. Rab1 Rb8 35. Rhd1 Bg5 36. Nxc4 $2 (36. Rxb8 $11 Rxb8 37. Rb1) 36... Rxb1 37. Rxb1 Rb8 (37... Rf8 $17) 38. Rxb8 $1 $11 Qxb8 39. Qb2 (39. a4 $11) 39... Qxb2+ $17 40. Nxb2 {[%mdl 4096] Endgame KBB-KNN} Bc1 $1 {[%cal Rc1b2]} 41. Na4 $132 {[%mdl 2048] White is fighting back} Bc4 42. d6 (42. Nf1 $11) 42... Kf7 (42... Kf6 $1 $15) 43. Nxc5 $11 Bxa2 44. Nb7 $2 (44. Nd3 $1 $11 Bf4 45. Ne2 (45. Nxf4 exf4 46. Ne2 Ke6 $15)) 44... Ke6 $19 45. Ne2 (45. c4 $142) 45... Be3 46. Nxa5 (46. c4 {might work better.} Bxc4 47. Nc3) 46... Kxd6 47. c4 {With the idea Nc3.} Bb6 $2 (47... Bd2 $1 $19 {[%cal Rd2a5]} 48. Nb7+ Kc6 49. Nd8+ Kd7) 48. Nb7+ (48. Nc3 $11 {keeps the balance.}) 48... Kc6 $17 49. c5 Bc7 50. Nc3 $2 {[%mdl 8192]} (50. Nc1 $17 {is tougher.}) 50... Bb3 $2 ({Stronger than} 50... Kxb7 51. Nxa2 Kc6 52. Nb4+ Kxc5 53. Na6+ Kd6 54. Nxc7 $11) (50... Be6 $19 51. Nd6 Kxc5) 51. Nd6 Kxc5 52. Nc8 Bd8 {Strongly threatening ...Be6.} 53. Nd5 Bxd5 54. exd5 Kxd5 {KB-KN} 55. Kh3 $2 {[#]} (55. Kf1 $17 {was the only chance.}) 55... Kc5 $2 (55... Ke6 $1 $19 {and Black stays clearly on top.} 56. Na7 Ba5) 56. Kg2 Bg5 57. Kh3 $2 {[#]} (57. Kf2 $17 {is a better defense.}) 57... Bf6 (57... Kc6 $1 $19 {has better winning chances. And now ...Kc7 would win.} 58. Kg3 Bd8 59. Na7+ Kb6 60. Nc8+ Kc7) 58. Kg2 g5 ({Black should try} 58... Bd8 $17 59. Kh3 Kd5) 59. Kf1 Kd5 {Black is slightly better.} 60. Ke2 e4 61. Nb6+ $1 Kd4 {Threatens to win with ...Be7.} 62. Nc8 Ke5 {Hoping for ...Kf4.} 63. Ke3 $1 exf3 {Precision: White = 27%, Black = 38%.} 1/2-1/2

[Event "KAZ-ch 2018"]
[Site "Almaty"]
[Date "2018.04.24"]
[Round "5"]
[White "Suleymenov, Alisher"]
[Black "Ismagambetov, Anuar"]
[Result "1-0"]
[WhiteElo "2351"]
[BlackElo "2547"]
[Annotator "TA"]
[PlyCount "165"]
[EventDate "2018.??.??"]
[EventType "tourn"]
[EventCountry "KAZ"]
[SourceTitle "playchess.com"]
[Source "ChessBase"]
[SourceQuality "1"]

{[%evp 23,165,0,18,-13,0,-45,0,0,0,-7,0,-90,19,12,9,-24,64,61,60,61,63,70,158,110,123,100,117,80,85,88,87,57,103,101,83,86,204,197,185,194,196,205,206,185,156,185,693,689,775,351,199,154,141,151,153,120,538,167,945,943,746,19,15,14,14,20,18,8,10,10,18,13,14,4,4,4,11,8,18,0,0,0,0,0,14,14,14,14,14,4,4,0,8,8,17,15,17,14,27,12,16,-15,94,12,83,83,188,188,225,211,506,493,472,468,508,355,463,376,651,650,631,631,687,680,637,660,1883,1873,1718,1482,2168,2024,1842,1827,5952,5701,4614,923,923,923,856,856,29984,29985]} 1. d4 Nf6 2. c4 e6 3. Nf3 c5 4. d5 d6 5. Nc3 exd5 6. cxd5 g6 7. Bf4 Bg7 8. e3 {A61: Modern Benoni: Nf3 without early e4} O-O 9. h3 Na6 10. Be2 Nc7 11. a4 a6 12. O-O Rb8 {LiveBook: 15 Games} 13. Ng5 $146 ({Predecessor:} 13. a5 b5 14. axb6 Rxb6 15. Qd2 Nfxd5 {0-1 (74) Rychagov,A (2558)-Halkias,S (2543) Paleochora 2016}) 13... b5 14. axb5 axb5 15. Nge4 Nfe8 16. Bh2 Rb6 17. Ra7 (17. Nd2 $11) 17... Ra6 (17... Ba6 $17 18. Qa1 Qb8 19. Rxc7 Qxc7) 18. Rxa6 $11 Bxa6 19. Qa1 Qe7 (19... f5 $11 20. Nd2 Qe7) 20. Rd1 $1 $14 Be5 21. Bxe5 Qxe5 22. Qa5 $1 c4 (22... b4 $14 23. Bxa6 bxc3 24. Nxc3 Nxa6 25. Qxa6 Nf6) 23. Qb6 Bc8 24. Ng3 Bd7 25. f4 Qe7 26. Kh2 Na8 27. Qa7 Nec7 28. e4 $1 b4 29. Na2 $1 Nb5 (29... Qf6 $16) 30. Qe3 $18 b3 31. Nb4 Rc8 32. Rc1 Qf6 33. e5 (33. Rxc4 Rxc4 34. Bxc4 Qxb2 $16) 33... dxe5 34. fxe5 {[%cal Bf4e5,Be5e6][%mdl 32]} Qh4 $2 (34... Re8) 35. e6 Be8 {[#]} 36. Rf1 (36. Nc6 $142 $1 {[%mdl 512]} Rxc6 (36... Bxc6 37. exf7+) 37. dxc6) 36... f5 37. Rf4 Qe7 38. Nc6 $1 {[%cal Rc6e7]} ({Of course not} 38. Rxc4 $6 Rxc4 39. Bxc4 Qxb4 $11) (38. Bxc4 $6 Qxb4 39. Bxb5 (39. Bxb3 Qd6 $17) 39... Qxb5 $11) 38... Bxc6 39. dxc6 Rxc6 $2 {[%mdl 8192] [#]} (39... Nd6 $16 {is a better chance.}) 40. Bxc4 $2 (40. Nxf5 $1 {[%mdl 512]} gxf5 41. Rxf5 Rxe6 42. Bxc4) 40... Nac7 $2 {[#]} (40... Nd6 41. Bxb3 Nc7) 41. Nxf5 $1 {[%mdl 512]} gxf5 42. Qg3+ $2 (42. Rxf5 $18 {White threatens Rg5+ and mate.} h6 43. Qg3+ (43. Rxb5 Qd6+ 44. Kh1 Rxc4 $11) 43... Kh8 44. Qe5+ Kg8 45. Bxb5 Nxb5 46. Qb8+ Kg7 47. Rf7+ (47. Qxb5 Rxe6 48. Qxb3 Qd6+ 49. Qg3+ Qxg3+ 50. Kxg3 Rg6+ 51. Kh2 Rb6 $18) 47... Qxf7 48. exf7 Kxf7 49. Qb7+ Rc7 50. Qxb5) 42... Qg7 $1 $11 {[%cal Rg7g3]} 43. e7+ Rxc4 $1 44. Qxb3 Qe5 45. Qg3+ Kf7 $1 46. Rxc4 Qxe7 47. Rh4 Kf8 48. Qf4 Nd6 49. Rh6 Nce8 50. Qd4 {Threatens to win with Qh8+.} Kg8 51. Qd5+ Nf7 52. Rc6 Ned6 53. b4 Qe3 54. Qf3 Qd4 55. Qc3 Qd5 56. Rc7 h6 57. Qg3+ Kf8 58. Qf4 Ke8 59. Rc5 $36 {[%mdl 2048] White fights for an advantage.} Qb3 60. b5 Kd7 61. Qf3 Qb4 62. Rd5 {With the idea Qxf5+.} Kc7 (62... Ke6 $11 63. Qd3 Ne5) 63. Qg3 (63. Qf2 $16) 63... Kb7 (63... Kd7 $11 {keeps the balance.}) 64. Qe3 $16 {[%mdl 1024] White has strong compensation.} h5 (64... Kc8 $16) 65. Qe7+ $18 Kb6 66. Rxf5 $1 Qc4 $2 (66... Qd4 {was worth a try.}) 67. Qe3+ Kb7 68. Rxh5 Qc7 69. Qf4 Kb6 70. Rd5 Qd7 $2 (70... Kb7 71. h4 Kc8) 71. Qe3+ Kb7 72. Qc5 Qe7 73. Qc6+ Kb8 74. b6 Ne8 75. Qd7 Qxd7 76. Rxd7 Nfd6 77. g4 {[%cal Bg2g4,Bg4g5][%mdl 32]} Kc8 78. Re7 Nf6 79. g5 Nd5 {[#]} 80. Re5 (80. b7+ $142 $1 Nxb7 81. Re5) 80... Nxb6 81. g6 {Hoping for g7.} Nd7 82. g7 Nf6 83. Re6 {Precision: White = 57%, Black = 34%.} 1-0

[Event "KAZ-ch 2018"]
[Site "Almaty"]
[Date "2018.04.24"]
[Round "5"]
[White "Nogerbek, Kazybek"]
[Black "Saiyn, Zhanat"]
[Result "1/2-1/2"]
[WhiteElo "2323"]
[BlackElo "2377"]
[Annotator "TA"]
[PlyCount "41"]
[EventDate "2018.??.??"]
[EventType "tourn"]
[EventCountry "KAZ"]
[SourceTitle "playchess.com"]
[Source "ChessBase"]
[SourceQuality "1"]

{[%evp 19,41,12,24,18,32,0,0,0,0,-8,3,-9,-4,-2,0,0,0,0,0,-4,-1,-7,-3,-13]} 1. e4 Nc6 2. Nf3 d6 3. d4 Nf6 4. c3 g6 5. Be2 Bg7 6. O-O O-O 7. Nbd2 e5 8. dxe5 Nxe5 9. Nxe5 dxe5 10. Qc2 b6 {LiveBook: 13 Games} 11. Nc4 {B07: Pirc Defence: Miscellaneous Systems} (11. a4 a5 12. Nc4 Bb7 13. f3 Qe7 14. b3 Rfe8 15. Ba3 Qe6 16. Nb2 Nh5 17. Bc4 Qf6 18. Nd3 Nf4 {½-½ (34) Zorko,J (2402)-Skoberne,J (2492) Otocec 2009}) 11... Bb7 12. Bf3 Qe7 {The position is equal.} 13. Ne3 $146 ({Predecessor:} 13. Re1) 13... Rfd8 14. b3 Ba6 {Strongly threatening ...Bd3.} 15. c4 c6 16. a4 Nd7 17. Ba3 Qe8 18. b4 Nf8 19. b5 Bb7 $1 20. bxc6 Bxc6 21. Bxf8 1/2-1/2

[Event "KAZ-ch 2018"]
[Site "Almaty"]
[Date "2018.04.24"]
[Round "5"]
[White "Igambergenov, Alibek"]
[Black "Agmanov, Zhandos"]
[Result "0-1"]
[WhiteElo "2296"]
[BlackElo "2360"]
[Annotator "ChessBase"]
[PlyCount "148"]
[EventDate "2018.??.??"]
[EventType "tourn"]
[EventCountry "KAZ"]
[SourceTitle "playchess.com"]
[Source "ChessBase"]
[SourceQuality "1"]
[TimeControl "40/5400+30:1800+30"]

1. Nf3 {[%emt 0:00:00]} Nf6 {[%emt 0:01:08]} 2. c4 {[%emt 0:00:00]} e6 {[%emt 0:00:35]} 3. g3 {[%emt 0:00:00]} d5 {[%emt 0:02:07]} 4. Bg2 {[%emt 0:00:00]} dxc4 {[%emt 0:02:46]} 5. Qa4+ {[%emt 0:00:09]} Nbd7 {[%emt 0:00:06]} 6. O-O {[%emt 0:00:19]} c5 {[%emt 0:02:25]} 7. Qxc4 {[%emt 0:00:27]} b6 {[%emt 0:00:14]} 8. b3 {[%emt 0:08:56]} Bb7 {[%emt 0:01:03]} 9. Bb2 {[%emt 0:00:11]} a6 {[%emt 0:04:45]} 10. Qc2 {[%emt 0:01:05]} Be7 {[%emt 0:01:20]} 11. d3 {[%emt 0:01:39]} O-O {[%emt 0:00:27]} 12. a3 {[%emt 0:00:32]} Rc8 {[%emt 0:01:21]} 13. Nbd2 {[%emt 0:00:21]} b5 {[%emt 0:00:31]} 14. Rac1 {[%emt 0:01:08]} Qb6 {[%emt 0:06:21]} 15. Qb1 {[%emt 0:00:21]} Rfd8 {[%emt 0:01:08]} 16. Qa1 {[%emt 0:08:12]} Bf8 {[%emt 0:00:40]} 17. Rc2 {[%emt 0:05:55]} Qa7 {[%emt 0:07:42]} 18. Rfc1 {[%emt 0:09:27]} Qa8 {[%emt 0:00:43]} 19. h3 Bd5 {[%emt 0:04:03]} 20. Ne1 {[%emt 0:12:31]} Bxg2 {[%emt 0:03:59]} 21. Nxg2 {[%emt 0:00:10]} Nd5 {[%emt 0:00:12]} 22. Ne4 {[%emt 0:05:53]} f6 {[%emt 0:01:11]} 23. Nh4 {[%emt 0:05:41]} Qb7 {[%emt 0:10:41]} 24. Qa2 {[%emt 0:04:28]} Rc7 {[%emt 0:17:24]} 25. Nd2 {[%emt 0:25:54]} Rcc8 {[%emt 0:18:13]} 26. e4 {[%emt 0:01:42]} Nc7 {[%emt 0:00:09]} 27. d4 {[%emt 0:03:30]} cxd4 {[%emt 0:01:15]} 28. Bxd4 {[%emt 0:00:04]} b4 {[%emt 0:00:47]} 29. a4 {[%emt 0:02:53]} e5 {[%emt 0:00:55]} 30. Be3 {[%emt 0:00:04]} Ne6 {[%emt 0:00:05]} 31. Qb2 {[%emt 0:01:45]} Ndc5 {[%emt 0:00:44]} 32. Qb1 {[%emt 0:00:09]} Rc7 {[%emt 0:06:03]} 33. Rc4 {[%emt 0:00:43]} Rdc8 {[%emt 0:00:17]} 34. R1c2 {[%emt 0:00:41]} a5 {[%emt 0:00:53]} 35. Nhf3 {[%emt 0:01:19]} Rc6 {[%emt 0:01:09]} 36. Kh2 {[%emt 0:00:23]} Qd7 {[%emt 0:00:11]} 37. Qf1 {[%emt 0:00:22]} R6c7 {[%emt 0:00:35]} 38. Kg2 {[%emt 0:01:09]} Kh8 {[%emt 0:00:16]} 39. Qe2 {[%emt 0:00:44]} Qf7 {[%emt 0:00:09]} 40. Ne1 {[%emt 0:00:22]} Qd7 {[%emt 0:31:39]} 41. f4 {[%emt 0:04:20]} exf4 {[%emt 0:00:00]} 42. gxf4 {[%emt 0:00:10]} f5 {[%emt 0:00:00]} 43. exf5 {[%emt 0:09:47]} Qd5+ {[%emt 0:00:00]} 44. Kg1 {[%emt 0:00:16]} Qxf5 {[%emt 0:00:00]} 45. Qg4 {[%emt 0:00:50]} g6 {[%emt 0:00:00]} 46. Qxf5 {[%emt 0:05:33]} gxf5 {[%emt 0:00:00]} 47. Nef3 {[%emt 0:00:22]} Bd6 {[%emt 0:00:00]} 48. Nd4 {[%emt 0:02:59]} Bxf4 {[%emt 0:00:00]} 49. Nxf5 {[%emt 0:05:55]} Bxe3+ {[%emt 0:00:00]} 50. Nxe3 {[%emt 0:00:02]} Rd8 {[%emt 0:00:00]} 51. Nf5 {[%emt 0:05:18]} Rcd7 {[%emt 0:00:24]} 52. Nf3 {[%emt 0:00:36]} Rd5 {[%emt 0:02:29]} 53. Ne3 {[%emt 0:00:39]} Rg8+ {[%emt 0:02:06]} 54. Kf2 {[%emt 0:00:30]} Rh5 {[%emt 0:01:03]} 55. Nd2 {[%emt 0:00:28]} Nd3+ {[%emt 0:00:37]} 56. Ke2 {[%emt 0:00:07]} Nef4+ {[%emt 0:01:29]} 57. Kd1 {[%emt 0:00:19]} Rxh3 {[%emt 0:00:13]} 58. Nef1 {[%emt 0:00:22]} Nd5 {[%emt 0:00:57]} 59. Ne4 {[%emt 0:01:16]} Rh1 {[%emt 0:00:16]} 60. Kd2 {[%emt 0:00:19]} Ne5 {[%emt 0:00:18]} 61. Neg3 {[%emt 0:00:42]} Nxc4+ {[%emt 0:02:58]} 62. bxc4 {[%emt 0:00:01]} Rxf1 {[%emt 0:00:55]} 63. Nxf1 {[%emt 0:00:02]} Nc3 {[%emt 0:00:08]} 64. Kd3 {[%emt 0:01:21]} Rd8+ {[%emt 0:00:10]} 65. Ke3 {[%emt 0:00:05]} Nxa4 {[%emt 0:00:07]} 66. Nd2 {[%emt 0:01:00]} Nc5 {[%emt 0:00:31]} 67. Rb2 {[%emt 0:00:08]} Rd3+ {[%emt 0:00:59]} 68. Ke2 {[%emt 0:00:08]} Rc3 {[%emt 0:00:07]} 69. Rb1 {[%emt 0:00:31]} b3 {[%emt 0:01:23]} 70. Rf1 {[%emt 0:00:04]} Rc2 {[%emt 0:00:47]} 71. Ke3 {[%emt 0:00:20]} b2 {[%emt 0:00:46]} 72. Rf8+ {[%emt 0:00:03]} Kg7 {[%emt 0:00:03]} 73. Rb8 {[%emt 0:00:03]} a4 {[%emt 0:00:11]} 74. Nb1 {[%emt 0:00:25]} Nb3 {[%emt 0:00:21] Kd4} 0-1

[Event "KAZ-ch 2018"]
[Site "Almaty"]
[Date "2018.04.24"]
[Round "5"]
[White "Zhalmakhanov, Ramazan"]
[Black "Makhnev, Denis"]
[Result "0-1"]
[WhiteElo "2271"]
[BlackElo "2409"]
[Annotator "TA"]
[PlyCount "110"]
[EventDate "2018.??.??"]
[EventType "tourn"]
[EventCountry "KAZ"]
[SourceTitle "playchess.com"]
[Source "ChessBase"]
[SourceQuality "1"]

{[%evp 12,110,8,-5,10,6,34,20,27,15,15,6,15,8,10,16,14,0,27,26,58,52,33,0,10,8,14,16,10,17,72,0,0,0,0,-41,0,-72,-60,-206,-193,-168,-192,-197,-210,-367,-343,-360,-118,-205,-199,-163,-156,-161,-115,-243,-235,-231,-227,-234,-216,-206,-211,-235,-182,-225,-227,-256,-266,-296,-285,-275,-282,-320,-309,-322,-298,-349,-340,-325,-310,-381,-378,-365,-354,-335,-331,-768,-750,-833,-731,-893,-889,-1193,-844,-1153,-1091,-1565,-1583,-1012,-947]} 1. e4 e5 2. Nf3 Nc6 3. Bb5 Nf6 4. d3 Bc5 5. Bxc6 dxc6 6. Nc3 Qe7 {C48: Four Knights: 4 Bb5, replies other than 4...Bb4} (6... O-O 7. Be3 Bd6 8. Bg5 Re8 9. h3 c5 10. Nd5 Be7 11. Nxe7+ Qxe7 12. O-O h6 13. Be3 Nd7 14. Nd2 {1-0 (29) Carlsen,M (2837)-Karjakin,S (2760) Riadh 2017}) 7. Be3 {LiveBook: 5 Games} Bd6 8. h3 c5 $146 {The position is equal.} ({Predecessor:} 8... Bd7 9. Ne2 Bc5 10. Qd2 Bxe3 11. fxe3 O-O 12. Qc3 Rae8 {1-0 (41) Kadric,D (2535)-Hadzovic,A (2280) Sarajevo 2017}) 9. Qd2 h6 10. b3 Be6 11. a4 Nd7 12. Nb5 f5 13. exf5 Bxf5 14. Qe2 e4 15. dxe4 Bxe4 16. O-O-O O-O 17. Rhe1 Bxf3 18. gxf3 Qf6 19. Kb1 {next Nxc7! is good for White.} Ne5 20. f4 Ng6 (20... Nc6 $11 {keeps the balance.}) 21. Bc1 (21. f5 $16 Qxf5 22. Nxd6 cxd6 23. Rxd6) 21... Bxf4 $11 22. Bb2 Qf5 23. Rg1 Kh7 $40 {[%mdl 128] Black has some attack.} 24. h4 (24. Qf3 $11 {remains equal.}) 24... Rae8 $1 $17 {[%cal Re8e2]} 25. Qg4 (25. Qf3 $15) 25... Qxg4 $19 26. Rxg4 {Threatens to win with Rdg1.} h5 $1 {[%cal Rh5g4]} 27. Rg2 Rf7 28. Rd5 $2 (28. Rdg1 Re6 29. Nxa7) 28... a6 29. Na3 Bh6 $2 (29... Kh6 $19 {has better winning chances.} 30. Rg1 Nxh4) 30. Rh2 (30. Rg1 $17) 30... Re1+ 31. Ka2 b6 32. Rxh5 Rf1 33. Rd5 (33. f3 $17) 33... Ne7 $1 {[%cal Re7d5]} ({Not} 33... R7xf2 34. Rxf2 Rxf2 35. Rd7 $17) 34. Rd3 {[#]} Nc6 $1 {[%cal Rc6b4]} ({Don't play} 34... R7xf2 35. Rxf2 Rxf2 36. Rd7 $17) 35. c3 R7xf2 36. Rxf2 Rxf2 37. Kb1 Na5 38. b4 {[#]} Nb3 $1 39. b5 Nd2+ 40. Ka1 a5 41. Rd7 Bf4 42. Rf7 Kg8 43. Rd7 Rg2 44. c4 Bd6 45. h5 Kh7 46. Rd8 Rh2 47. Rd7 Nb3+ (47... Rxh5 48. Rxg7+ Kh6 49. Rg2 $17) 48. Kb1 Nd4 ({Weaker is} 48... Rxh5 49. Rxg7+ Kh6 50. Rg8 $17) 49. Nc2 $2 (49. Bxd4 cxd4 50. c5 Bxc5 51. Nc4) 49... Nxc2 {Black is clearly winning.} 50. Bxg7 Kg8 51. h6 Na3+ 52. Kc1 Nxc4 53. Rd8+ Kf7 54. Kd1 Ne3+ 55. Kc1 Nf5 {Precision: White = 26%, Black = 63%.} 0-1

[Event "KAZ-ch 2018"]
[Site "Almaty"]
[Date "2018.04.25"]
[Round "6"]
[White "Kazhgaleyev, Murtas"]
[Black "Nogerbek, Kazybek"]
[Result "1-0"]
[WhiteElo "2577"]
[BlackElo "2323"]
[Annotator "TA"]
[PlyCount "117"]
[EventDate "2018.??.??"]
[EventType "tourn"]
[EventCountry "KAZ"]
[SourceTitle "playchess.com"]
[Source "ChessBase"]
[SourceQuality "1"]

{[%evp 22,117,26,24,35,0,0,2,6,0,39,49,54,-3,-9,-6,0,8,20,29,2,-4,0,0,0,8,26,22,59,56,43,42,42,6,16,22,63,72,70,64,58,32,33,45,46,0,0,0,0,0,0,-5,0,-19,5,0,0,-16,4,2,4,-9,-25,-36,-23,-42,-20,-49,-56,-64,-25,-35,-25,-25,-14,-33,-18,-56,109,108,260,235,232,244,249,259,548,538,29982,29983,29982,29983,29995,29991,29991,29992,29992,29993]} 1. d4 Nf6 2. c4 e6 3. Nf3 c5 4. d5 d6 5. Nc3 exd5 6. cxd5 g6 7. e4 Bg7 8. h3 O-O 9. Bd3 a6 10. O-O b5 11. a3 Nbd7 {[%cal Bb8d7,Bd7e5,Be5f3][%mdl 32] A70: Modern Benoni: 6 e4 g6 7 Nf3} 12. Re1 {LiveBook: 13 Games} Nh5 13. Bd2 $146 (13. Bg5 {looks sharper.} Qc7 14. Qd2 Re8 15. Rac1 Bb7 16. Ne2) ({Predecessor:} 13. Bg5 Qc7 14. Qd2 f6 15. Be3 Ne5 {0-1 (40) Malakhatko,V (2633)-Savchenko,B (2648) Gjovik 2009}) 13... Ne5 {The position is equal.} 14. Be2 Nxf3+ 15. Bxf3 Nf6 16. Bf4 Bb7 17. a4 (17. e5 $14 dxe5 18. Bxe5 (18. Rxe5 Nh5 $14)) 17... b4 $11 18. Nb1 {[%cal Bc3b1,Bb1d2,Bd2b3][%mdl 32]} Ne8 19. Qc1 a5 20. Nd2 Ba6 21. e5 dxe5 22. Bxe5 Bxe5 23. Rxe5 {Black should prevent d6.} Qd6 24. Re1 {Strongly threatening Ne4.} Nf6 25. Nb3 $1 Bb7 26. Qg5 Kg7 (26... Nxd5 27. Rad1 $16) 27. Rad1 Rfd8 28. Re5 Ng4 29. hxg4 f6 30. Qe3 Qxe5 31. Qxc5 Qd6 ({Wrong is} 31... Qxb2 $2 32. Qe7+ Kh8 33. Nd4 $18 (33. Nc5 Bxd5 34. Bxd5 Re8 $16)) 32. Qd4 {[%mdl 1024] White has compensation.} Bc8 33. g5 Bf5 34. Nc5 Qe5 35. Qd2 fxg5 $1 36. Qxg5 {Threatens to win with Ne6+!} Qf6 37. Qf4 Qd6 38. Qd4+ Qf6 39. Qf4 Qd6 ({But not} 39... Qxb2 40. d6 $17) 40. Qe3 {Hoping for Nb7.} Re8 $132 {[%mdl 2048] Black is fighting back} 41. Ne6+ Kg8 42. Qh6 {[%csl Ge6][%cal Rh6g7]} Ra7 43. Nd4 Rae7 {( -> ...Re1+)} 44. Qd2 Bd7 45. b3 Rf7 46. Nc2 Ref8 47. Ne3 Qf4 48. d6 {And now Bd5 would win.} Be6 49. Nc4 Qf5 $2 (49... Bxc4 $15 50. bxc4 Qxd2 51. Rxd2 Rf5) 50. Re1 Rd8 $2 {[#]} (50... Bxc4 $16 51. bxc4 Kg7) 51. Nxa5 $1 $18 {[%mdl 512]} Qxa5 52. Rxe6 Qc5 53. a5 Qxa5 $2 {[#]} (53... Qc3 54. Qd1 Kh8) 54. Bd5 $1 Kg7 55. Qd4+ {White mates.} Kh6 56. Re3 Rf5 57. Rh3+ Rh5 58. Qe3+ Kg7 59. Rxh5 {Precision: White = 67%, Black = 43%.} 1-0